| 000 | 00879cam a2200301 4500 | ||
|---|---|---|---|
| 999 |
_c173178 _d173178 |
||
| 001 | 2187604 | ||
| 003 | Nust | ||
| 005 | 20170119152509.0 | ||
| 008 | 701001s1970 enk b 001 0 eng | ||
| 010 | _a 72016811 | ||
| 015 | _aB70-17199 | ||
| 020 | _a9780140449846 | ||
| 040 |
_aDLC _cDLC _dDLC |
||
| 041 | 1 | _aenggre | |
| 050 | 0 | 0 |
_aJC71 _b.P2633 |
| 082 | 0 | 0 |
_a321.07 _bPLA |
| 100 | 0 | _aPlato. | |
| 240 | 1 | 0 |
_aLaws. _lEnglish |
| 245 | 1 | 4 |
_aThe laws; _ctranslated [from the Greek] with an introduction by Trevor J. Saunders. |
| 260 |
_aHarmondsworth, _bPenguin, _c1970. |
||
| 300 |
_a551 p. _c18 cm. |
||
| 350 |
_a12/- _a($2.95) |
||
| 490 | 0 | _aThe Penguin classics | |
| 504 | _aBibliography: p. 533-536. | ||
| 650 | 0 | _aState, The. | |
| 700 | 1 |
_aSaunders, Trevor J., _d1934- _etr. |
|
| 906 |
_a7 _bcbc _corignew _d2 _encip _f19 _gy-gencatlg |
||
| 942 |
_2ddc _cBK |
||